Little League World Series Champions - Statistics

General Stats
  • This quiz has been taken 50 times
    45 since last reset
  • The average score is 47 of 72
Answer Stats
Year Champion % Correct
1962 Campbell, California
81%
2009 Chula Vista, California
81%
1961 El Cajon, California
81%
1963 Granada Hills, California
81%
1999 Hirakata, Japan
81%
2011 Huntington Beach, California
81%
1993 Long Beach, California
81%
1992 Long Beach, California
81%
2017 Tokyo, Japan
81%
2015 Tokyo, Japan
81%
2013 Tokyo, Japan
81%
2012 Tokyo, Japan
81%
2010 Tokyo, Japan
81%
2003 Tokyo, Japan
81%
2001 Tokyo, Japan
81%
1976 Tokyo, Japan
81%
1968 Wakayama, Japan
81%
1967 West Tokyo, Japan
81%
2016 Endwell, New York
77%
1954 Schenectady, New York
77%
1964 Staten Island, New York
77%
1997 Guadalupe, Mexico
73%
1966 Houston, Texas
73%
1950 Houston, Texas
73%
1958 Monterrey, Mexico
73%
1957 Monterrey, Mexico
73%
2006 Columbus, Georgia
65%
2005 Ewa Beach, Hawaii
65%
2018 Honolulu, Hawaii
65%
1983 Marietta, Georgia
65%
2008 Waipahu, Hawaii
65%
2007 Warner Robins, Georgia
65%
1949 Hammonton, New Jersey
62%
1982 Kirkland, Washington
62%
1975 Lakewood, New Jersey
62%
2000 Maracaibo, Venezuela
62%
1994 Maracaibo, Venezuela
62%
1952 Norwalk, Connecticut
62%
1951 Stamford, Connecticut
62%
1998 Toms River, New Jersey
62%
1989 Trumbull, Connecticut
62%
1970 Wayne, New Jersey
62%
1965 Windsor Locks, Connecticut
62%
1979 Chiayi, Taiwan
58%
1987 Hualien, Taiwan
58%
1980 Hualien, Taiwan
58%
1996 Kaohsiung, Taiwan
58%
1977 Kaohsiung, Taiwan
58%
1974 Kaohsiung, Taiwan
58%
2002 Louisville, Kentucky
58%
1978 Pingtung, Taiwan
58%
2014 Seoul, South Korea
58%
1985 Seoul, South Korea
58%
1984 Seoul, South Korea
58%
1991 Taichung, Taiwan
58%
1988 Taichung, Taiwan
58%
1981 Taichung, Taiwan
58%
1969 Taichung, Taiwan
58%
1995 Tainan, Taiwan
58%
1990 Tainan, Taiwan
58%
1986 Tainan, Taiwan
58%
1973 Tainan, Taiwan
58%
1971 Tainan, Taiwan
58%
1972 Taipei, Taiwan
58%
1959 Hamtramck, Michigan
54%
1960 Levittown, Pennsylvania
54%
1948 Lock Haven, Pennsylvania
54%
1955 Morrisville, Pennsylvania
54%
2004 Willemstad, Curacao
54%
1947 Williamsport, Pennsylvania
54%
1953 Birmingham, Alabama
50%
1956 Roswell, New Mexico
42%
No matching quizzes found
Score Distribution
Percent of People with Each Score
Percentile by Number Answered
Your Score History
You have not taken this quiz since the last reset